[Event "BL2 Mitte 1011 (Women)"]
[Site "Germany"]
[Date "2010.11.06"]
[Round "1.1"]
[White "Czaeczine, Anne"]
[Black "Rieseler, Caroline"]
[Result "1-0"]
[WhiteElo "2186"]
[BlackElo "2048"]
[PlyCount "69"]
[EventDate "2010.11.06"]
[EventType "team-tourn"]
[EventRounds "7"]
[EventCountry "GER"]
[SourceTitle "EXT 2012"]
[Source "ChessBase"]
[SourceDate "2011.11.24"]
[SourceVersion "1"]
[SourceVersionDate "2011.11.24"]
[SourceQuality "1"]
[WhiteTeam "Chemnitz (W)"]
[BlackTeam "Hofheim (W)"]
[WhiteTeamCountry "GER"]
[BlackTeamCountry "GER"]

1. e4 c5 2. Nf3 Nc6 3. d4 cxd4 4. Nxd4 Nf6 5. Nc3 e5 6. Ndb5 d6 7. Bg5 a6 8. Na3 b5 9. Bxf6 gxf6 10. Nd5 Bg7 11. c3 f5 12. exf5 Bxf5 13. Nc2 Be6 14. Nce3 Ne7 15. a4 Nxd5 16. Nxd5 0-0 17. Be2 Kh8 18. 0-0 bxa4 19. Rxa4 a5 20. Bb5 Rc8 21. b4 axb4 22. cxb4 Rb8 23. Bc6 f5 24. b5 Qg5 25. Nc7 Qe7 26. Nxe6 Qxe6 27. Ra7 d5 28. Qd3 e4 29. Qh3 d4 30. Rb1 d3 31. Qe3 Rfd8 32. Qg5 Bh6 33. Qe7 Qxe7 34. Rxe7 Rd4 35. Rd7 1-0

[Event "GER-chT Federal Cup (Women)"]
[Site "Braunfels"]
[Date "2009.06.04"]
[Round "1"]
[White "Rieseler, Caroline"]
[Black "Meier, Annemarie Sylvia"]
[Result "0-1"]
[WhiteElo "2072"]
[BlackElo "2280"]
[PlyCount "78"]
[EventDate "2009.06.04"]
[EventType "team-swiss"]
[EventRounds "5"]
[EventCountry "GER"]
[SourceTitle "CBM 130 Extra"]
[Source "ChessBase"]
[SourceDate "2009.07.02"]
[SourceVersion "2"]
[SourceVersionDate "2009.07.15"]
[SourceQuality "1"]

1. e4 c5 2. Nf3 e6 3. d4 cxd4 4. Nxd4 Nc6 5. Nc3 Qc7 6. Be2 a6 7. 0-0 Nf6 8. Be3 Bb4 9. f3 0-0 10. Nxc6 bxc6 11. Qd4 c5 12. Qd3 Bb7 13. Bg5 d5 14. exd5 Nxd5 15. Nxd5 exd5 16. c3 c4 17. Qf5 Bc5+ 18. Kh1 Rfe8 19. Rae1 Bd6 20. f4 h6 21. Bh4 Re4 22. Bd1 Rae8 23. Bc2 g6 24. Qg4 h5 25. Qd1 Rxe1 26. Rxe1 Rxe1+ 27. Qxe1 Bxf4 28. Qe8+ Kg7 29. Bf2 Be5 30. Bh4 Bc6 31. Qd8 Qxd8 32. Bxd8 d4 33. cxd4 Bxd4 34. b4 f5 35. a4 Be4 36. Bxe4 fxe4 37. b5 axb5 38. axb5 e3 39. Bh4 c3 0-1